The Truths And Lies of Nationalism/ (Record no. 187123)

MARC details
000 -LEADER
fixed length control field 00611nam a22001817a 4500
005 - DATE AND TIME OF LATEST TRANSACTION
control field 20240301161826.0
010 ## - LCCN (DPL NO)
LC control number ENG-132199 ENG-139407
020 ## - INTERNATIONAL STANDARD BOOK NUMBER
International Standard Book Number 9788178246550
Terms of availability 695.00
035 ## - SYSTEM CONTROL NUMBER
System control number EN-115731
037 ## - SOURCE OF ACQUISITION
Source of stock number/acquisition DBAD/PUB
082 ## - DEWEY DECIMAL CLASSIFICATION NUMBER
Classification number 320.954
245 ## - TITLE STATEMENT
Title The Truths And Lies of Nationalism/
Statement of responsibility, etc Edited by Partha Chetterjee
260 ## - PUBLICATION, DISTRIBUTION, ETC. (IMPRINT)
Place of publication, distribution, etc New Delhi
Name of publisher, distributor, etc KW Publishers Pvt. Ltd
Date of publication, distribution, etc 2021
270 ## - ADDRESS
Address 4676/21, First Floor, Ansari Road, Daryaganj
Postal code 110002
City New Delhi
300 ## - PHYSICAL DESCRIPTION
Extent xi, 184p.
Other physical details Index
Dimensions 23cm(hbk)
700 ## - ADDED ENTRY--PERSONAL NAME
Personal name Edited by Chatterjee, Partha
9 (RLIN) 62739
942 ## - ADDED ENTRY ELEMENTS (KOHA)
Source of classification or shelving scheme Dewey Decimal Classification
Item type English Books
Call number suffix THE
Classification part 337.54058
Holdings
Withdrawn status Lost status Not for loan Collection code Home library Current library Date acquired Source of acquisition Cost, normal purchase price Full call number Barcode Copy number Cost, replacement price Koha item type
      Fiction Bawana Bawana 22/02/2024 DBAD 695.00 THE 337.54058 EN-122939 1 695.00 English Books
      Non-fiction Central Library Central Library 01/04/2022 DBAD/PUB 695.00 337.54058 THE EN-115731 1 695.00 English Books

© Delhi Public Library
Hit Counter
free hit counter